000 00552nam a2200217Ia 4500
005 20241216010010.0
008 180423s9999||||xx |||||||||||||| ||und||
082 _a330.1
_bS31
100 _aSCHNEIDER, ERICH
245 0 _aTEORIA ECONOMICA
250 _a6
260 _aMADRID-ESPAÑA
_bAGUILAR S.A.
_c1967
300 _a512 pag.
_c21 cm
341 _h0
490 _v0
_a0
505 _aTEORIA-CIRCULACION ECONOMICA/PLAN ECONOMICO-EQUILIBRIO
541 _aC
_d02-Apr-96
650 _aCIENCIAS SOCIALES
856 _zHumanidades
942 _cLIBRO
999 _c2836
_d2836